Statistics for Πρωτεύουσες του Κόσμου - Β

Click here to take the quiz!

General Stats

  • This quiz has been taken 329 times
  • The average score is 11 of 16

Answer Stats

Β% Correct
Βουκουρέστι
88%
Βερολίνο
88%
Βουδαπέστη
83%
Βαρσοβία
82%
Βελιγράδι
82%
Βιέννη
82%
Βρυξέλλες
80%
Βέρνη
74%
Βαλέτα
73%
Βαντούζ
73%
Βίλνιους
72%
Βαγδάτη
64%
Βηρυτός
56%
Βίντχουκ
44%
Βιεντιάν
42%
Βικτώρια
38%

Score Distribution

Percentile by Number Answered

Percent of People with Each Score

Your Score History

You have not taken this quiz